000 00207nam a2200097Ia 4500
008 240331s9999 xx 000 0 und d
082 _bBRE
100 _aBrennan, T
245 0 _aHistory after lacan
942 _cL
999 _c1745
_d1745